Most Populous New Hampshire Municipalities by Decade - Statistics

General Stats
  • This quiz has been taken 15 times
  • The average score is 12 of 28
Answer Stats
Hint Answer % Correct
1980 Manchester
100%
1970 Nashua
100%
1900 Concord
93%
1860 Dover
93%
1790 Portsmouth
93%
2020 Berlin
79%
1990 Keene
79%
2010 Laconia
64%
Derry
57%
1960 Claremont
50%
1950 Exeter
50%
1810 Londonderry
50%
1800 Rochester
50%
Salem
43%
Hudson
36%
Merrimack
36%
1940 Somersworth
36%
1830 Barrington
14%
1850 Westmoreland
14%
1840 Amherst
7%
1880 Chesterfield
7%
1820 Gilmanton
7%
1920 Hopkinton
7%
1930 Meredith
7%
1870 Weare
7%
2000 Gilford
0%
1890 Sanbornton
0%
1910 Sandwich
0%
No matching quizzes found
Score Distribution
Percent of People with Each Score
Percentile by Number Answered
Your Score History
You have not taken this quiz